Всесоюзная родословная книга охотничьих собак (Запись № 9060846)

Подробности
000 -МАРКЕР
контрольное поле 01102nam1a22002411i 4500
001 - ИДЕНТИФИКАТОР ЗАПИСИ
контрольное поле rc\3996240
005 - ИДЕНТИФИКАТОР ВЕРСИИ
контрольное поле 20260408010558.0
035 ## - ДРУГИЕ СИСТЕМНЫЕ НОМЕРА
Идентификатор записи (NLR Aleph) 008070685
100 ## - ДАННЫЕ ОБЩЕЙ ОБРАБОТКИ
Данные общей обработки 20130415d1954 |||y0rusy50 ca
101 0# - ЯЗЫК РЕСУРСА
Язык текста, звукозаписи и т.д. русский
102 ## - СТРАНА ПУБЛИКАЦИИ ИЛИ ПРОИЗВОДСТВА
Страна публикации Российская Федерация
105 ## - ПОЛЕ КОДИРОВАННЫХ ДАННЫХ: ТЕКСТОВЫЕ МАТЕРИАЛЫ, МОНОГРАФИЧЕСКИЕ
Кодированные данные о монографическом текстовом документе z |||||
200 1# - ЗАГЛАВИЕ И СВЕДЕНИЯ ОБ ОТВЕТСТВЕННОСТИ
Основное заглавие Всесоюзная родословная книга охотничьих собак
Первые сведения об ответственности [Под общ. ред. эксперта-кинолога Всесоюз. категории Рождественского В.П.
Последующие сведения об ответственности Гл. упр. охотничьего хозяйства М-ва сельского хозяйства РСФСР. Т. 1]-
210 ## - ПУБЛИКАЦИЯ, РАСПРОСТРАНЕНИЕ И ДР.
Место издания, распространения и т.д. Горький
Имя издателя, распространителя и т. д. Б. и.
Дата издания, распространения и т.д. 1954
215 ## - ФИЗИЧЕСКАЯ ХАРАКТЕРИСТИКА
Размеры 23
606 ## - НАИМЕНОВАНИЕ ТЕМЫ КАК ПРЕДМЕТ
Наименование темы Собаки охотничьи
Тематический подзаголовок Родословные книги
Код системы psbo
702 #1 - ИМЯ ЛИЦА - ВТОРИЧНАЯ ОТВЕТСТВЕННОСТЬ
Начальный элемент ввода Рождественский
Часть имени, кроме начального элемента ввода В.П.
Код отношения Редактор
712 01 - НАИМЕНОВАНИЕ ОРГАНИЗАЦИИ - ВТОРИЧНАЯ ОТВЕТСТВЕННОСТЬ
Начальный элемент ввода РСФСР
Структурное подразделение Главное управление охотничьего хозяйства
Идентификатор авторитетной/нормативной записи RU\NLR\AUTH\8810171982
Системный номер авторитетной/нормативной записи 839797
801 #0 - ИСТОЧНИК ЗАПИСИ
Страна Российская Федерация
Организация NLR
Правила каталогизации psbo
801 #1 - ИСТОЧНИК ЗАПИСИ
Страна Российская Федерация
Организация ELAR
Источник данных rusmarc
852 ## - МЕСТОНАХОЖДЕНИЕ И ШИФР ХРАНЕНИЯ
Идентификатор организации NLR
Шифр хранения (Call Number) С90 Г-5/195
942 ## - ДОПОЛНИТЕЛЬНЫЕ ЭЛЕМЕНТЫ ЗАПИСИ (АБИС)
Тип экземпляра АБИС Книга

Нет доступных экземпляров.